MARC
| LEADER | 00000nam a2200000Ia 4500 | ||
|---|---|---|---|
| 008 | 170316s9999 xx 000 0spa d | ||
| 040 | |a cru BVZT | ||
| 090 | |a 862 C-3au | ||
| 100 | |a Calderón de la Barca, Pedro | ||
| 245 | |a Autos Sacramentales | ||
| 250 | |a 3 | ||
| 260 | |a México, Distrito Federal | ||
| 260 | |b Porrúa | ||
| 260 | |c 1991 | ||
| 300 | |a 426 páginas | ||
| 650 | |a LITERATURA ESPAÑOLA | ||
| 650 | |a AUTOS SACRAMENTALES DE CALDERÓN | ||
| 650 | |a CALDERÓN DE LA BARCA PEDRO | ||
| 999 | |c 9731 |d 9731 | ||
| 942 | |c 15 D |h 862 C-3au |2 z | ||
